000 00457nam a2200181Ia 4500
001 20106
005 20260306172742.0
008 260306t2019||||xx |||||||||||||| ||spa||
041 _aESP
082 _a342.211
_bS17
100 _aSalmón, Elizabeth
_eAUT
245 0 _aIntroducción al sistema interamericano de derechos humanos
260 _c2019
300 _a421 páginas :
_c21 cm.
650 _aGEN
654 _aCDE
942 _cLIB
_dJUS
_fJUS
_2ddc
_n
999 _c20106
_d20106